Continent Pairs by Distance - Statistics

General Stats
  • This quiz has been taken 263 times
  • The average score is 7 of 17
Answer Stats
Distance (mi) Continent Pair Distance (km) % Correct
2 Asia - North America 4
96%
9 Africa-Europe 14
87%
182 Europe - North America 292
67%
516 Antarctica - South America 830
48%
2395 Africa - Antarctica 1488
43%
1389 Africa - South America 2235
41%
2285 Africa - North America 3678
38%
7112 Antarctica - Europe 11445
38%
1068 Antarctica - Oceania 1720
38%
1186 Oceania - South America 1909
35%
6064 Europe - Oceania 9759
33%
2712 Europe - South America 4365
32%
2292 North America - Oceania 3688
31%
4873 Antarctica - North America 7842
30%
5311 Asia - South America 8547
30%
3632 Antarctica - Asia 5845
29%
3161 Africa - Oceania 5087
28%
No matching quizzes found
Score Distribution
Percent of People with Each Score
Percentile by Number Answered
Your Score History
You have not taken this quiz